00689 a2200229 4500260001000000711002300010711003200033440000800065260000900073245013000082300001200212260000900224130000800233130000800241440003300249710000900282711001300291690001300304020001800317999001700335952010700352 aRome. d8-12 Novembre 1982 cPalma de Majorque, Espagne. n277 bFAO. aRapport de la consultation technique sur les méthodes acoustiques de détection et d'estimation de l'abondance du poisson. aVI-94p. c1983 lEn. lFr. aFAO-Rapportsur les pêches. aFAO. aRapport. apoisson. a92-5-001298-5 c26765d26765 00104070aBIDOCbBIDOCd0000-00-00l0oPA.1983.033r2009-02-28 00:00:00t1w2009-02-28yLIVRz1.2648